MARC детайли
| 000 -Лидер |
| Контролно поле с фиксирана дължина |
nam a22 a 4500 |
| 003 - Код на организацията, давaща контролен номер |
| Контролно поле |
BLK |
| 005 - Дата и час на последна редакция |
| Контролно поле |
20221011085458.0 |
| 008 - Елементи от данни с фиксирана дължина |
| fixed length control field |
180413b bul|||||r ||||||| ||bul|| |
| 020 ## - Международен стандартен номер на книга ISBN |
| Международен стандартен номер на книга ISBN |
9789549285383 |
| 040 ## - Източник на каталожния запис |
| Идентификатор на билиотеката - собственик на записа |
BLK |
| 041 ## - Код за език |
| Код за езика на текст/звукозапис или на отделно заглавие |
Български |
| Код за езика КДБФ |
Български |
| 080 ## - УДК |
| Текстов определител УДК |
Изобразителни изкуства и художествени занаяти |
| УДК код - определител по УДК |
73/76 |
| УДК определител |
.04(497.2) |
| УДК - код + определител |
73/76.04(497.2) |
| 080 ## - УДК |
| Текстов определител УДК |
Изобразителни изкуства и художествени занаяти |
| УДК код - определител по УДК |
73/76 |
| УДК определител |
071(497.2)(092)(047.53) |
| УДК - код + определител |
071(497.2)(092)(047.53) |
| 139 ## - Редно поле |
| Редна дума |
Съдът - отправна точка за творчество |
| Авторски знак |
Съ - С 96 |
| 245 10 - Сведения за заглавието |
| Заглавие |
Съдът - отправна точка за творчество |
| Подзаглавни данни |
24 интервюта за българското изобразително изкуство : проект |
| Редно поле (дума) |
състав., [предг.] Иван Кънчев |
| 260 ## - Област на издателските данни |
| Място на издаване, разпространение и проч. |
София |
| Име на издателя, разпространителя и проч. |
Магоарт |
| Година на издаване |
2021 |
| Печатница |
София : Инвестпрес |
| 9 (RLIN) |
215144 |
| Издателство - префикс ISBN |
978-954-92111- |
| 300 ## - Физическа характеристика |
| Страници |
96 с. |
| Илюстрации и др. |
с ил., портр. |
| Размери/Мащаб |
20 x 20 см |
| 380 ## - Жанр |
| Жанр |
Изкуство |
| 500 ## - Общи забележки |
| Забележка |
Изд. на Съюз на бълг. художници, Сдружение за изобраз. изкуство Съдът - смисъл и форма<br/>За книгата / Петер Цанев: с. 10<br/>За изложбата / Диана Драганова-Щир: с. 11-13<br/>Отстрани - за съда / Митко Димитров: с. 92-94<br/>Съдържа интервюта с: Аделина Попнеделева, Анжело Красини, Божидар Бончев, Божидар Йонов, Вихрони Попнеделев, Галина Шехирян, Драган Милев - Дари, Емил Бачийски, Емил Попов, Захари Каменов, Иван Кънчев, Иван Русев, Ивана Енева, Николай Караманов, Петер Цанев, Райко Райков, Роберт Цанев, Станислав Божанков, Станислав Памукчиев, Стела Георгиева, Цветослав Христов, Георги Бакърджиев, Олга Бакърджиева, Кънчо Цанев, Петер Цанев |
| 500 ## - Общи забележки |
| Забележка |
Проект "Съдът - отправна точка за творчество" включва и изложба проведена на 18 юни - 3 юли в зала " Райко Алексиев - Съюз на бълг. худож., София |
| 650 #0 - Допълнително описание по предмет – тема |
| 9 (RLIN) |
243150 |
| Основно описание – тема или топоним |
Изобразително изкуство, българско |
| 650 #0 - Допълнително описание по предмет – тема |
| 9 (RLIN) |
246650 |
| Основно описание – тема или топоним |
Художници, български |
| 651 #7 - Допълнително описание по предмет - топоним |
| 9 (RLIN) |
178684 |
| Географско понятие |
България |
| 653 #0 - Ключова дума – ненормативна |
| 9 (RLIN) |
474077 |
| Ключова дума |
битови съдове |
| 653 #0 - Ключова дума – ненормативна |
| 9 (RLIN) |
474078 |
| Ключова дума |
изобразителни изкуства |
| 700 ## - Други автори (авторска отговорност) |
| Лично име |
Иванов, Иван Кънчев |
| Автороска отговорност (Описва отношението между автора и произведението) |
състав., предг. |
| 9 (RLIN) |
442269 |
| 852 ## - Местоположение |
| Форматна сигнатура |
Цб 312354 |
| Фондова буква |
Хранилище |
| 856 4# - Електронен адрес и достъп |
| Електронен формат |
pdf - файл |
| Път до файла /url/ |
|
| Инструкция (цена за достъп) |
0.00 |
| Права за достъп |
disable |
| 856 4# - Електронен адрес и достъп |
| Електронен формат |
pdf - файл |
| Път до файла /url/ |
|
| Инструкция (цена за достъп) |
0.00 |
| Права за достъп |
disable |
| 999 ## - СИСТЕМНИ КОНТРОЛНИ НОМЕРА |
| Koha biblionumber |
455110 |
| Koha biblioitemnumber |
455110 |
| 942 ## - АРТИКУЛИ |
| Вид на библиотечния материал |
Книги |
| Скрит в OPAC |
Не |
| Периодичен библиозапис |
Да |
| 944 ## - СЪЗДАВАНЕ И РЕДАКЦИЯ на ЗАПИСА |
| Създаване/Редакция |
Създаване |
| Служител, извършил регистрацията/редакцията |
К.Д. |
| Дата на регистрацията/редакция |
2022-05-11 |
| 999 ## - СИСТЕМНИ КОНТРОЛНИ НОМЕРА |
| Koha biblioitemnumber |
455110 |